Social psychology

David Myers' Social Psychology continues to set the standard by which other Social Psychology texts are judged. Its renowned author's engaging writing style and unique, intimate voice make the text compelling without being simplistic. The organization logically moves the student through th...

全面介绍

Đã lưu trong:
书目详细资料
主要作者: Myers, David G.
格式: 图书
语言:Undetermined
出版: Boston, MA McGraw-Hill 2005
主题:
标签: 添加标签
没有标签, 成为第一个标记此记录!
Thư viện lưu trữ: Trung tâm Học liệu Trường Đại học Cần Thơ
LEADER 00969nam a2200205Ia 4500
001 CTU_140332
008 210402s9999 xx 000 0 und d
020 |c 83.04 
082 |a 302 
082 |b M996 
100 |a Myers, David G. 
245 0 |a Social psychology 
245 0 |c David G. Myers 
260 |a Boston, MA 
260 |b McGraw-Hill 
260 |c 2005 
520 |a David Myers' Social Psychology continues to set the standard by which other Social Psychology texts are judged. Its renowned author's engaging writing style and unique, intimate voice make the text compelling without being simplistic. The organization logically moves the student through the study of how people think about, influence, and relate to one another, with an appropriate balance of basic research and application 
650 |a Social psychology,Tâm lý xã hội 
910 |a Kèm CD số ĐKCB AVA.001022 
980 |a Trung tâm Học liệu Trường Đại học Cần Thơ